000 00432cam a22001457a 4500
008 180718b1971 xxu||||| |||| 00| 0 eng d
020 _a0582 48161 9
082 _aB131x42 M957
100 _aMurphy, Raymond E.
245 _aCentral business district
_cby Raymond E. Murphy
260 _aLondon
_bLongman
_c1971
300 _avi, 193p
650 _aCentral business districts.
650 _aCentral business districts --United States
999 _c408384
_d408384